000 00354 a2200133 4500
999 _c325357
_d325357
001 90284
003 NUST
082 _a923.2 AGH
100 _aAgha Masood Hussain
_99810
245 _aSardar Abdurab Nashtar
_bAzadi Ki Kahani Mairi Zobani
_hUrdu
260 _aLahore
_bAlhamd Publications
_c2014
300 _a192p.
500 _aGeneral Books
942 _aCAE NUST
_cBK
_k923.2 AGH
_2ddc